Martín Fierro /

Guardado en:
Autor Principal: Hernández, José, 1967.
Formato: Libro
Idioma:Undetermined
Publicado: Buenos Aires : Centro editor de América Latina, 1967.
Edición:1era ed.
Series:Biblioteca Argentina Fundamental
Materias:
Etiquetas: Agregar Etiqueta
Sin Etiquetas, Sea el primero en etiquetar este registro!
LEADER 00664nam a22001935a 4500
001 CEM.cems025135
008 260428s1967####ag############000#0#und#d
005 20260428113429.0
245 1 0 |a Martín Fierro /  |c José Hernández. 
250 |a 1era ed. 
260 |a Buenos Aires :  |b Centro editor de América Latina,  |c 1967. 
300 |a 190 p. ;  |c 20 cm. 
490 1 |a Biblioteca Argentina Fundamental 
100 1 |a Hernández, José,  |d 1967. 
082 0 4 |a A861.2 
653 |a Literatura Argentina 
653 |a Literatura Gauchesca 
859 |a CEMS  |b BIB. CEMS - Agricultura  |h A861.2  |i H430-20  |p A4102.26  |t Ej.1 
859 |a CEMS  |b BIB. CEMS - Agricultura  |h A861.2  |i H430-20  |p A4103.26  |t Ej.2